Music Quiz

Random Music or Album Quiz
Score 0/7 Timer 03:00
0 Plays Today
Year of Release Album % Correct
1993Deluxe
89.5%
2005Before The Robots
84.2%
1996Friction, Baby
82.5%
1998How Does Your Garden Grow?
82.5%
2001Closer
80.7%
2009Paper Empire
63.2%
1989Surprise
35.1%
Remove Ads.
Support Sporcle.
Get the best of Sporcle when you Go Orange. This ad-free experience offers more features, more stats, and more fun while also helping to support Sporcle. Thank you for becoming a member.

You're not logged in!

Compare scores with friends on all Sporcle quizzes.
OR
Log In

Show Comments

Extras

Top Quizzes Today


Score Distribution

Your Account Isn't Verified!

In order to create a playlist on Sporcle, you need to verify the email address you used during registration. Go to your Sporcle Settings to finish the process.

Report this User

Report this user for behavior that violates our Community Guidelines.

Details: